000 00877nam a2200229Ia 4500
999 _c55978
_d55978
001 23077
003 GE_BSU
005 20230707115223.0
008 181216s1969||||ge |||||||||||||| ||geo||
040 _cGE_BSU
041 _ageo
080 _a821.14'01-21 ე-35
100 _aევრიპიდე
_915553
245 _aმედეა : პიესა /
_cევრიპიდე ; თარგმ. ძველი ბერძნ. პ. ბერაძისა.
264 _aთბილისი :
_bსაბჭ. საქართველო,
_c1969.
300 _a86 გვ. :
_bილ. ;
_c 17 სმ.
541 _h0,42თ.
653 _aმედეა : პიესა
653 _aძველი ბერძნული ლიტერატურა
700 _aბერაძე, პ.
_eმთარგმნელი
_916056
942 _cBK
_2udc